00265nam a2200109Ia 4500008004100000041000800041082001600049100002100065245004200086260002000128365000700148230303s9999 xx 000 0 und d aeng a005.362 WAL aWALKBENCH (John) aExcel 2013 Power Programming with VBA aNDbWiley India cRS